000 00992nam a2200325 i 4500
005 20230403162326.0
007 ta
008 230403s2016 enk 000|0 eng d
020 _a9780414054615
_qpaperback
020 _a041405461X
_qpaperback
041 _aeng
110 2 _aJoint Contracts Tribunal,
_eauthor.
245 1 0 _aSub-subcontract 2016.
_bSubSub 2016
246 3 _aSubSub 2016
246 3 2 _aGeneric contracts 2016
260 _aLondon,
_bSweet & Maxwell,
_c2016
264 1 _aLondon :
_bSweet & Maxwell, Thomson Reuters (Professional),
_c2016.
264 4 _c©2016
300 _aii, 26 pages ;
_c30 cm
336 _atext
_2rdacontent
337 _aunmediated
_2rdamedia
338 _avolume
_2rdacarrier
490 _aJCT Contracts 2016
500 _aCover title.
650 0 _aConstruction contracts
_zGreat Britain.
651 _aUnited Kingdom
690 _96230
_aConstruction management
942 _n0
999 _c121429
_d121429